000 00234nmm a2200085Ia 4500
008 220120s9999||||xx |||||||||||||||||und||
100 _aPCQ
245 0 _aSeo tools, 3 linux destros, applications for blackberry and
260 _aInfomedia18
999 _c139741
_d139741